| 000 | 00569nam a22001817a 4500 | ||
|---|---|---|---|
| 003 | 0 | ||
| 005 | 20231228090201.0 | ||
| 008 | 231228b xxu||||| |||| 00| 0 eng d | ||
| 020 | _a978-621-406-301-7 | ||
| 050 |
_aQ 175.5 _b.Sc35 2020 |
||
| 245 | _aScience, technology and society : a rudimentary approach | ||
| 260 |
_aManila _bMindshapers Co., Inc. _cc2020. |
||
| 300 |
_axii, 216 pages ; _c22cm. |
||
| 504 | _aIncludes bibliographical references and index. | ||
| 650 | _aScience--social aspects. | ||
| 650 | _aTechnology--social aspects. | ||
| 942 |
_2lcc _cBK |
||
| 999 |
_c365799 _d365799 |
||